| 000 | 00763nam a2200217 i 4500 | ||
|---|---|---|---|
| 001 | bgj | ||
| 100 | 1 | _aKERRIDGE, David | |
| 245 | 1 | 0 |
_aPresenting Facts and Figures / _cDavid Kerridge. |
| 260 |
_aHarlow, Essex : _bLongman, _c1988. |
||
| 300 |
_a80 pp : _bill. ; _c25 cm. |
||
| 490 | 1 | _aLongman English Buisiness Skills / Mark Ellis, Nina O'Driscoll, Adrian Pilbeam, series editors | |
| 650 | 9 |
_aEnglish language _xTextbooks for foreign speakers |
|
| 650 | 9 |
_aEnglish language _xBusiness English |
|
| 830 | 0 | _aLongman English Buisiness Skills (Mark Ellis, Nina O'Driscoll, Adrian Pilbeam, series editors) | |
| 020 | _a0582852633 | ||
| 040 | _cBPK | ||
| 041 | 0 | _aeng | |
| 920 | _a0-582-85263-3 | ||
| 942 | _cKS | ||
| 008 | s uk f |000 0 eng | ||
| 999 |
_c47396 _d47396 |
||